000 00415nma a22001817a 4500
005 20210325190606.0
006 g q ||
008 eng d
041 _aeng
090 _aCD215
245 1 0 _aAngle eyes 1 [CD-ROM]
300 _a1 discColourSound
650 0 4 _aMotion pictures
850 _aNALT
942 _cCD
997 _c000000000025896
_kVC
998 _aPIYANART
999 _c25896
_d25896